Clamor de justicia en la Española, 1502-1795 / (Record no. 14926)

MARC details
000 -LEADER
campo de control de longitud fija 00761cam a22002531 4500
001 - NÚMERO DE CONTROL
campo de control 35667
005 - FECHA Y HORA DE LA ÚLTIMA TRANSACCIÓN
campo de control 20230410101839.0
008 - DATOS DE LONGITUD FIJA--INFORMACIÓN GENERAL
campo de control de longitud fija 781208s1971 dr a b 000 0 spa
035 ## - NÚMERO DE CONTROL DEL SISTEMA
-- (DLC) 78414905
035 ## - NÚMERO DE CONTROL DEL SISTEMA
Número de control de sistema 860580
010 ## - NÚMERO DE CONTROL DE LA BIBLIOTECA DEL CONGRESO
Número de control de LC 78414905
025 ## - NÚMERO DE ADQUISICIÓN EXTRANJERO
Número de adquisición extranjero LACAP73-0931
040 ## - FUENTE DE CATALOGACIÓN
Centro catalogador/agencia de origen DLC
Centro/agencia transcriptor DLC
Centro/agencia modificador DLC
043 ## - CÓDIGO DE ÁREA GEOGRÁFICA
Código de área geográfica nwhi---
050 14 - SIGNATURA TOPOGRÁFICA DE LA BIBLIOTECA DEL CONGRESO
Número de clasificación 118 BX 3513
Número de ítem N789c 1971
100 1# - ENTRADA PRINCIPAL--NOMBRE DE PERSONA
Nombre de persona Nolasco, Flérida de,
Fechas asociadas al nombre 1891-1976
245 10 - MENCIÓN DEL TÍTULO
Título Clamor de justicia en la Española, 1502-1795 /
Mención de responsabilidad, etc. Flérida de Nolasco.
260 ## - PUBLICACIÓN, DISTRIBUCIÓN, ETC.
Lugar de publicación, distribución, etc. Santo Domingo :
Nombre del editor, distribuidor, etc. Impreso en la Editora del Caribe,
Fecha de publicación, distribución, etc. 1971.
300 ## - DESCRIPCIÓN FÍSICA
Extensión 234 p.
Otras características físicas illus.
Dimensiones 19 cm.
504 ## - NOTA DE BIBLIOGRAFÍA, ETC.
Nota de bibliografía, etc. Bibliography: p. 231-234.
610 20 - PUNTO DE ACCESO ADICIONAL DE MATERIA--NOMBRE DE ENTIDAD CORPORATIVA
Nombre de entidad corporativa o nombre de jurisdicción como elemento de entrada Dominicans
Subdivisión geográfica Hispaniola.
651 #0 - PUNTO DE ACCESO ADICIONAL DE MATERIA--NOMBRE GEOGRÁFICO
Nombre geográfico Hispaniola
Subdivisión general Church history.
942 ## - ELEMENTOS DE ENTRADA SECUNDARIOS (KOHA)
Fuente del sistema de clasificación o colocación Clasificación de Library of Congress
Tipo de ítem Koha
Holdings
Estatus retirado Estado de pérdida Fuente del sistema de clasificación o colocación Estado de daño No para préstamo Colección Biblioteca de origen Biblioteca actual Ubicación en estantería Fecha de adquisición Serial enumeration / chronology Signatura topográfica completa Código de barras Visto por última vez Copia número Tipo de ítem Koha
    Clasificación de Library of Congress     Recursos Regionales Biblioteca Juan Bosch Biblioteca Juan Bosch Recursos Regionales (2do. Piso) 10/04/2023 1 118 BX 3513 N789c 1971 00000037475 23/10/2018 1